[Event "España tch 1A 2012 Ascenso"]
[Site "Don Benito ESP"]
[Date "2012.08.04"]
[Round "6.13"]
[White "Alonso Rosell, Alvar"]
[Black "Fernandez Garcia, Jose Luis"]
[Result "1/2-1/2"]
[WhiteElo "2502"]
[BlackElo "2419"]
[PlyCount "35"]
[EventDate "2012.08.04"]
[EventType "team"]
[EventRounds "2"]
[EventCountry "ESP"]
[Source "lmi"]
[SourceDate "2012.08.04"]

1. d4 d5 2. Nf3 c5 3. c4 e6 4. cxd5 exd5 5. Nc3 Nc6 6. g3 Nf6 7. Bg2 Be7 8. O-O
O-O 9. b3 Ne4 10. Bb2 Bf6 11. Na4 b6 12. Rc1 Ba6 13. Re1 Rc8 14. Bh3 Rb8 15.
Bg2 Rc8 16. Bh3 Rb8 17. Bg2 Rc8 18. Bf1 1/2-1/2

[Event "España tch 1A 2012 Ascenso"]
[Site "Don Benito ESP"]
[Date "2012.08.04"]
[Round "6.14"]
[White "Villavicencio Martinez, Adalbe"]
[Black "Lopez Martinez, Josep Manuel"]
[Result "1/2-1/2"]
[WhiteElo "2315"]
[BlackElo "2509"]
[PlyCount "142"]
[EventDate "2012.08.04"]
[EventType "team"]
[EventRounds "2"]
[EventCountry "ESP"]
[Source "lmi"]
[SourceDate "2012.08.04"]

1. d4 Nf6 2. Nf3 d6 3. c4 g6 4. Nc3 Bf5 5. e3 Bg7 6. Be2 O-O 7. O-O c5 8. d5
Na6 9. Ng5 Nc7 10. e4 Bc8 11. f4 h6 12. Nf3 Bg4 13. e5 dxe5 14. fxe5 Nd7 15. e6
fxe6 16. Be3 b6 17. Qd2 Bxf3 18. Rxf3 Rxf3 19. Bxf3 Ne5 20. Be2 Kh7 21. Rf1
exd5 22. cxd5 Qd6 23. Rf4 Rd8 24. Rh4 Nf7 25. Bf3 e6 26. Ne4 Qf8 27. Ng5+ Nxg5
28. Bxg5 Rd7 29. Rf4 Rf7 30. Rxf7 Qxf7 31. d6 hxg5 32. dxc7 Qxc7 33. Qxg5 Bxb2
34. Be4 Qf7 35. h4 Bf6 36. Qg4 Kh6 37. Qf4+ Kg7 38. Qg4 Bd4+ 39. Kh2 Qf6 40.
Kh3 Kh6 41. Bd3 Be3 42. g3 Bd4 43. Kg2 Bc3 44. Kh3 Bd2 45. Kg2 Bb4 46. Kh3 Be1
47. Kg2 Bd2 48. Kh3 Bc1 49. Qd1 Be3 50. Qg4 e5 51. a4 a6 52. Bxa6 Qf5 53. Qxf5
gxf5 54. g4 Kg6 55. Bc8 fxg4+ 56. Kxg4 c4 57. Bf5+ Kf6 58. Bc2 Ke6 59. Kf3 Bf4
60. Ke4 Kd6 61. h5 Kc5 62. h6 Bxh6 63. Kxe5 Bg7+ 64. Ke4 Kb4 65. Kd5 Bh6 66.
Bd1 Bd2 67. Be2 c3 68. Bd1 Ka3 69. Kc4 Kb2 70. Kd3 Bg5 71. Bc2 Bf6 1/2-1/2

[Event "España tch 1A 2012 Ascenso"]
[Site "Don Benito ESP"]
[Date "2012.08.04"]
[Round "6.21"]
[White "Anton Guijarro, David"]
[Black "Rakhmanov, Aleksandr"]
[Result "1-0"]
[WhiteElo "2490"]
[BlackElo "2588"]
[PlyCount "113"]
[EventDate "2012.08.04"]
[EventType "team"]
[EventRounds "2"]
[EventCountry "ESP"]
[Source "lmi"]
[SourceDate "2012.08.04"]

1. e4 e6 2. d3 d5 3. Nd2 Nf6 4. g3 c5 5. Bg2 Nc6 6. Ngf3 Be7 7. O-O b5 8. Re1
h6 9. a4 b4 10. exd5 exd5 11. d4 O-O 12. Ne5 Nxd4 13. Nb3 Bb7 14. Nxd4 cxd4 15.
Qxd4 Ne4 16. Be3 a5 17. Rad1 Qc7 18. Qb6 Qxb6 19. Bxb6 Rfe8 20. Nc4 Ra6 21.
Bxe4 dxe4 22. b3 f5 23. Bxa5 Re6 24. Bb6 g5 25. Rd7 Bc6 26. Rc7 f4 27. gxf4
gxf4 28. Rxc6 Rxc6 29. Rxe4 f3 30. a5 Kf8 31. Re3 Bc5 32. Rxf3+ Ke7 33. Rf5
Rg8+ 34. Kf1 Rg5 35. Rf4 Rd5 36. Rg4 Rf6 37. Bxc5+ Rxc5 38. Re4+ Kd7 39. Ke2
Rcf5 40. Ne5+ Kc7 41. Nd3 Rxa5 42. Rxb4 Rh5 43. h4 Rc6 44. Kd2 Rf5 45. Re4 Rg6
46. b4 h5 47. c4 Rg4 48. Ke3 Rg1 49. b5 Rh1 50. c5 Rh3+ 51. Kd4 Rff3 52. b6+
Kb7 53. Nb4 Rf7 54. Kc4 Rhf3 55. Kb5 R3f5 56. Nc6 Rg7 57. Re8 1-0

[Event "España tch 1A 2012 Ascenso"]
[Site "Don Benito ESP"]
[Date "2012.08.04"]
[Round "6.23"]
[White "Rubio Mejia, Luis Ignacio"]
[Black "Lariño Nieto, David"]
[Result "1/2-1/2"]
[WhiteElo "2428"]
[BlackElo "2469"]
[PlyCount "124"]
[EventDate "2012.08.04"]
[EventType "team"]
[EventRounds "2"]
[EventCountry "ESP"]
[Source "lmi"]
[SourceDate "2012.08.04"]

1. d4 e6 2. c4 d5 3. Nc3 c5 4. cxd5 exd5 5. Nf3 Nc6 6. g3 Nf6 7. Bg2 Be7 8. O-O
O-O 9. dxc5 Bxc5 10. Na4 Be7 11. Be3 Re8 12. Rc1 Bf5 13. Nd4 Nxd4 14. Bxd4 Ne4
15. e3 Qd7 16. Nc3 b6 17. Qe2 Rad8 18. Rfd1 Bg4 19. f3 Nxc3 20. Rxc3 Bh3 21.
Bxh3 Qxh3 22. Rc7 Rd7 23. Rxd7 Qxd7 24. Rc1 h5 25. Kg2 Bd6 26. Qd3 Bb8 27. Rd1
Qe6 28. Bc3 Be5 29. Bxe5 Qxe5 30. Qxd5 Qxe3 31. Rd2 h4 32. Rc2 Qe7 33. Qd4 hxg3
34. hxg3 Rd8 35. Qf2 Rd6 36. Re2 Qg5 37. a3 Kh7 38. Qe1 Rh6 39. Re5 f5 40. Re6
Rxe6 41. Qxe6 Qd2+ 42. Kh3 Qd3 43. Kg2 Qc2+ 44. Kh3 Qb1 45. Kh4 f4 46. gxf4
Qxb2 47. Qf5+ g6 48. Qd7+ Qg7 49. Qd3 a5 50. Kg3 Qe7 51. a4 Qe1+ 52. Kg2 Qe6
53. Qe4 Qd7 54. Kf2 Qd2+ 55. Kg3 Qd6 56. Kf2 Kh6 57. Kg2 Qc5 58. Qe8 Qd4 59.
Kg3 Kh7 60. Qf7+ Qg7 61. Qe6 Qd4 62. Qf7+ Qg7 1/2-1/2

[Event "España tch 1A 2012 Ascenso"]
[Site "Don Benito ESP"]
[Date "2012.08.04"]
[Round "6.24"]
[White "Gual Pascual, Antonio"]
[Black "Martinez Martin, David"]
[Result "1/2-1/2"]
[WhiteElo "2459"]
[BlackElo "2385"]
[PlyCount "65"]
[EventDate "2012.08.04"]
[EventType "team"]
[EventRounds "2"]
[EventCountry "ESP"]
[Source "lmi"]
[SourceDate "2012.08.04"]

1. d4 Nf6 2. c4 e6 3. Nf3 Bb4+ 4. Nbd2 d5 5. a3 Be7 6. g3 c5 7. Bg2 cxd4 8. O-O
d3 9. exd3 O-O 10. b3 Nc6 11. Bb2 a5 12. Qe2 b6 13. Rfd1 Ba6 14. Rab1 b5 15.
Ne5 Nxe5 16. Qxe5 Qb8 17. Qe2 Qa7 18. Bxf6 Bxf6 19. cxd5 exd5 20. Bxd5 Rad8 21.
Be4 Bd4 22. Nf3 b4 23. Nxd4 Qxd4 24. axb4 axb4 25. Ra1 Rd6 26. Qe3 Qxe3 27.
fxe3 f5 28. Bd5+ Rxd5 29. Rxa6 Rc8 30. Rb6 Rc3 31. Rxb4 Rdxd3 32. Rxd3 Rxd3 33.
e4 1/2-1/2

[Event "España tch 1A 2012 Ascenso"]
[Site "Don Benito ESP"]
[Date "2012.08.04"]
[Round "7.13"]
[White "Fernandez Garcia, Jose Luis"]
[Black "Alonso Rosell, Alvar"]
[Result "1/2-1/2"]
[WhiteElo "2419"]
[BlackElo "2502"]
[PlyCount "24"]
[EventDate "2012.08.04"]
[EventType "team"]
[EventRounds "2"]
[EventCountry "ESP"]
[Source "lmi"]
[SourceDate "2012.08.04"]

1. e4 c6 2. c4 d5 3. cxd5 cxd5 4. exd5 Nf6 5. Nc3 Nxd5 6. Nf3 Nc6 7. Bb5 e6 8.
O-O Be7 9. Ne5 Bd7 10. Bxc6 Bxc6 11. d4 O-O 12. Nxc6 bxc6 1/2-1/2

[Event "España tch 1A 2012 Ascenso"]
[Site "Don Benito ESP"]
[Date "2012.08.04"]
[Round "7.14"]
[White "Lopez Martinez, Josep Manuel"]
[Black "Villavicencio Martinez, Adalbe"]
[Result "1-0"]
[WhiteElo "2509"]
[BlackElo "2315"]
[PlyCount "50"]
[EventDate "2012.08.04"]
[EventType "team"]
[EventRounds "2"]
[EventCountry "ESP"]
[Source "lmi"]
[SourceDate "2012.08.04"]

1. e4 c5 2. Nf3 d6 3. d4 cxd4 4. Nxd4 Nf6 5. Nc3 Bd7 6. f3 Nc6 7. Be3 a6 8. Qd2
e6 9. O-O-O Be7 10. g4 b5 11. h4 Nxd4 12. Bxd4 b4 13. Ne2 e5 14. Be3 Be6 15. g5
Nd7 16. Kb1 Qa5 17. Nc1 O-O 18. h5 Rfb8 19. g6 Qa4 20. gxh7+ Kh8 21. Rg1 Rb5
22. Bh6 g6 23. hxg6 Bxa2+ 24. Nxa2 Ra5 25. Bc4 Bf8 1-0

[Event "España tch 1A 2012 Ascenso"]
[Site "Don Benito ESP"]
[Date "2012.08.04"]
[Round "7.22"]
[White "Almagro Llamas, Pablo"]
[Black "Moskalenko, Viktor"]
[Result "1/2-1/2"]
[WhiteElo "2465"]
[BlackElo "2523"]
[PlyCount "94"]
[EventDate "2012.08.04"]
[EventType "team"]
[EventRounds "2"]
[EventCountry "ESP"]
[Source "lmi"]
[SourceDate "2012.08.04"]

1. Nf3 d5 2. d4 e6 3. c4 c6 4. Nc3 f5 5. Bf4 Bd6 6. Bxd6 Qxd6 7. e3 Nf6 8. Be2
Nbd7 9. O-O O-O 10. Nd2 b6 11. Rc1 Bb7 12. Qb3 Kh8 13. Qa3 Qxa3 14. bxa3 Kg8
15. a4 Rab8 16. cxd5 exd5 17. a5 Ne4 18. Ndxe4 fxe4 19. Na4 Rfd8 20. Rc2 b5 21.
Nc5 Nxc5 22. Rxc5 Rd6 23. Rb1 Bc8 24. a4 a6 25. axb5 axb5 26. Rbc1 Bd7 27. f3
exf3 28. gxf3 Ra8 29. Ra1 Kf7 30. Bd3 Ke7 31. Kf2 g6 32. h4 Be8 33. Rc2 Ra7 34.
Kg3 Rd8 35. Kf4 Rda8 36. Rca2 Kf6 37. e4 dxe4 38. fxe4 Rd8 39. Ke3 Rad7 40. a6
Rxd4 41. a7 Rxd3+ 42. Ke2 R3d4 43. a8=Q Rxa8 44. Rxa8 Rxe4+ 45. Kd3 Re5 46.
R8a7 Rd5+ 47. Ke4 Bd7 1/2-1/2

[Event "España tch 1A 2012 Ascenso"]
[Site "Don Benito ESP"]
[Date "2012.08.04"]
[Round "7.23"]
[White "Lariño Nieto, David"]
[Black "Rubio Mejia, Luis Ignacio"]
[Result "1-0"]
[WhiteElo "2469"]
[BlackElo "2428"]
[PlyCount "91"]
[EventDate "2012.08.04"]
[EventType "team"]
[EventRounds "2"]
[EventCountry "ESP"]
[Source "lmi"]
[SourceDate "2012.08.04"]

1. b3 e5 2. Bb2 Nc6 3. e3 Nf6 4. Bb5 Bd6 5. d3 O-O 6. Nd2 a6 7. Bxc6 dxc6 8.
Ngf3 Re8 9. e4 Nd7 10. O-O c5 11. a4 Nf8 12. Nc4 f6 13. Ne3 Ne6 14. Nd5 Nd4 15.
c3 Nxf3+ 16. Qxf3 a5 17. d4 cxd4 18. cxd4 c6 19. dxe5 Bxe5 20. Bxe5 cxd5 21.
Bg3 dxe4 22. Qe3 Bg4 23. h3 Bh5 24. Qc5 Bf7 25. Rfd1 Qc8 26. b4 axb4 27. Qxb4
Qc4 28. Qxb7 Rxa4 29. Rac1 Qa6 30. Qd7 Rc4 31. Ra1 Qc8 32. Ra7 Rf8 33. Kh2 Qxd7
34. Rdxd7 Bg6 35. Rxg7+ Kh8 36. Bf4 Rcc8 37. g4 Rce8 38. h4 Rg8 39. Rgb7 Ra8
40. h5 Rxa7 41. Rxa7 Be8 42. g5 Bxh5 43. gxf6 Rc8 44. f7 Kg7 45. Be5+ Kh6 46.
f8=Q+ 1-0

[Event "España tch 1A 2012 Ascenso"]
[Site "Don Benito ESP"]
[Date "2012.08.04"]
[Round "7.24"]
[White "Martinez Martin, David"]
[Black "Gual Pascual, Antonio"]
[Result "1/2-1/2"]
[WhiteElo "2385"]
[BlackElo "2459"]
[PlyCount "82"]
[EventDate "2012.08.04"]
[EventType "team"]
[EventRounds "2"]
[EventCountry "ESP"]
[Source "lmi"]
[SourceDate "2012.08.04"]

1. d4 d5 2. c4 c6 3. Nf3 Nf6 4. e3 a6 5. Bd2 g6 6. Nc3 Bg7 7. Bd3 O-O 8. O-O
Bg4 9. h3 dxc4 10. Bxc4 Bxf3 11. Qxf3 Nbd7 12. Rfd1 e5 13. Be1 exd4 14. Rxd4
Qe7 15. Bb3 Nc5 16. Bc2 Ne6 17. Rdd1 Rfd8 18. Rxd8+ Rxd8 19. Rd1 h5 20. Rxd8+
Qxd8 21. Qd1 Qc7 22. Ne2 Nd5 23. b3 Qe5 24. e4 Ndf4 25. Nxf4 Nxf4 26. Bd2 Ne6
27. Be3 Qb2 28. Qb1 Qc3 29. Bd3 Nd4 30. Bxd4 Bxd4 31. Qd1 b5 32. g3 c5 33. Qc2
Qa1+ 34. Kg2 Kg7 35. Qb1 Qc3 36. Qc2 Qa5 37. h4 Qd8 38. a4 bxa4 39. bxa4 a5 40.
Bc4 Qf6 41. Qe2 Qd8 1/2-1/2

[Event "España tch 1A 2012 Ascenso"]
[Site "Don Benito ESP"]
[Date "2012.08.05"]
[Round "8.12"]
[White "Moskalenko, Viktor"]
[Black "Magem Badals, Jordi"]
[Result "1/2-1/2"]
[WhiteElo "2523"]
[BlackElo "2554"]
[PlyCount "83"]
[EventDate "2012.08.04"]
[EventType "team"]
[EventRounds "2"]
[EventCountry "ESP"]
[Source "lmi"]
[SourceDate "2012.08.04"]

1. c4 e5 2. Nc3 Nf6 3. e3 Nc6 4. Nf3 Bb4 5. d4 exd4 6. exd4 O-O 7. Bd3 d5 8.
O-O dxc4 9. Bxc4 Bg4 10. Be3 Qd7 11. Be2 Bd6 12. Re1 a6 13. h3 Bf5 14. Bf1 h6
15. g4 Bh7 16. Bg2 Rfe8 17. a3 Rad8 18. Rc1 Ne4 19. Nd2 Nxd2 20. Qxd2 Na5 21.
Bd5 b5 22. Bf4 Bf8 23. Rxe8 Rxe8 24. Re1 Rxe1+ 25. Qxe1 c6 26. Bg2 Nc4 27. d5
cxd5 28. Nxd5 Nxb2 29. Qa5 Nd3 30. Be3 Qd6 31. Nb4 Nxb4 32. axb4 Qd1+ 33. Kh2
Bd6+ 34. f4 g5 35. Qxa6 Bxf4+ 36. Bxf4 gxf4 37. Qxb5 f3 38. Qe8+ Kg7 39. Qe5+
Kg8 40. Qe8+ Kg7 41. Qe5+ Kg8 42. Qb8+ 1/2-1/2

[Event "España tch 1A 2012 Ascenso"]
[Site "Don Benito ESP"]
[Date "2012.08.05"]
[Round "8.13"]
[White "Alonso Rosell, Alvar"]
[Black "Lariño Nieto, David"]
[Result "1/2-1/2"]
[WhiteElo "2502"]
[BlackElo "2469"]
[PlyCount "114"]
[EventDate "2012.08.04"]
[EventType "team"]
[EventRounds "2"]
[EventCountry "ESP"]
[Source "lmi"]
[SourceDate "2012.08.04"]

1. d4 e6 2. c4 d5 3. Nc3 c5 4. cxd5 exd5 5. Nf3 Nc6 6. g3 Nf6 7. Bg2 Be7 8. O-O
O-O 9. dxc5 Bxc5 10. Na4 Be7 11. Be3 Re8 12. Rc1 Bf5 13. Nd4 Nxd4 14. Bxd4 Ne4
15. e3 b6 16. Nc3 Qd7 17. Qe2 Rad8 18. a3 Bg4 19. f3 Nxc3 20. Rxc3 Bh3 21. Rfc1
Bxg2 22. Kxg2 Bd6 23. b4 h5 24. f4 Qf5 25. Qc2 Qe4+ 26. Qxe4 dxe4 27. Rc6 Rd7
28. Rc8 Rdd8 29. R8c6 Rd7 30. Kh3 f5 31. Kg2 Kf7 32. R1c2 h4 33. Kh3 hxg3 34.
hxg3 Rh8+ 35. Kg2 Rg8 36. Rc8 Rdd8 37. Rxd8 Rxd8 38. b5 Rd7 39. a4 Rc7 40.
Rxc7+ Bxc7 41. g4 g6 42. gxf5 gxf5 43. Kg3 Ke6 44. Kh4 Bd6 45. a5 bxa5 46. Bxa7
a4 47. Bd4 Kd5 48. b6 a3 49. Kg5 Ke6 50. b7 a2 51. Kg6 Bb8 52. Kg7 Ba7 53. Be5
Bb8 54. Ba1 Ke7 55. Kg8 Kd7 56. Kf7 Bxf4 57. Kf6 Kc7 1/2-1/2

[Event "España tch 1A 2012 Ascenso"]
[Site "Don Benito ESP"]
[Date "2012.08.05"]
[Round "8.14"]
[White "Gual Pascual, Antonio"]
[Black "Lopez Martinez, Josep Manuel"]
[Result "1/2-1/2"]
[WhiteElo "2459"]
[BlackElo "2509"]
[PlyCount "121"]
[EventDate "2012.08.04"]
[EventType "team"]
[EventRounds "2"]
[EventCountry "ESP"]
[Source "lmi"]
[SourceDate "2012.08.04"]

1. d4 e6 2. c4 b6 3. a3 d5 4. Nc3 Nf6 5. g3 c6 6. Bg2 Be7 7. Nf3 O-O 8. O-O Bb7
9. cxd5 cxd5 10. Ne5 Nc6 11. Bf4 Rc8 12. Rc1 a6 13. Nxc6 Bxc6 14. Qb3 b5 15.
Rfe1 Qb6 16. e3 Nd7 17. g4 Qb7 18. Bf1 Nb6 19. Bd3 Nc4 20. Qc2 g6 21. Qe2 Rfe8
22. Bg3 Bf6 23. f4 a5 24. h4 b4 25. Nb1 Qb6 26. Kh2 Be7 27. h5 Kg7 28. Rf1 bxa3
29. bxa3 Bd6 30. Rf2 Rb8 31. Rg1 Qd8 32. Bxc4 dxc4 33. Qxc4 Bd5 34. Qc2 Rc8 35.
Qd3 f5 36. g5 Re7 37. Nc3 Bc4 38. Qb1 Bxa3 39. d5 Bb4 40. Qa1 Kg8 41. dxe6 Rxe6
42. h6 Qe7 43. Rc1 Rd8 44. Na2 Bd5 45. Nxb4 axb4 46. Rfc2 Rxe3 47. Rc7 Re2+ 48.
Kh3 Bg2+ 49. Kh4 Rd7 50. Rc8+ Kf7 51. Qg7+ Ke6 52. Qh8 Qf7 53. Re8+ Re7 54.
Rcc8 Kd5 55. Red8+ Ke4 56. Qd4+ Kf3 57. Qxb4 Bf1 58. Rc3+ Kg2 59. Rf8 Rd7 60.
Qe7 Qxe7 61. Rfc8 1/2-1/2

[Event "España tch 1A 2012 Ascenso"]
[Site "Don Benito ESP"]
[Date "2012.08.05"]
[Round "8.21"]
[White "Anton Guijarro, David"]
[Black "Illescas Cordoba, Miguel"]
[Result "1-0"]
[WhiteElo "2490"]
[BlackElo "2601"]
[PlyCount "119"]
[EventDate "2012.08.04"]
[EventType "team"]
[EventRounds "2"]
[EventCountry "ESP"]
[Source "lmi"]
[SourceDate "2012.08.04"]

1. c4 e5 2. g3 Nf6 3. Bg2 d5 4. cxd5 Nxd5 5. Nf3 Nc6 6. O-O Nb6 7. d3 Be7 8.
Nbd2 O-O 9. b3 f6 10. Bb2 Be6 11. Rc1 Rf7 12. Nc4 Bf8 13. Nh4 Bd5 14. Bh3 Qe8
15. a3 Rd8 16. Ne3 Be6 17. Bg2 Nd4 18. Nc4 c6 19. Na5 Rfd7 20. b4 Qf7 21. Bxd4
Rxd4 22. Nf3 R4d7 23. Nd2 f5 24. Qc2 e4 25. Rfe1 exd3 26. exd3 Bd5 27. Bxd5
Rxd5 28. Nf3 Bd6 29. Qe2 h6 30. Qe6 Qxe6 31. Rxe6 Rd7 32. d4 Kf7 33. Re2 Rc7
34. Rce1 f4 35. g4 Nd7 36. h3 Nf6 37. Nc4 b6 38. Kg2 Kg8 39. Re6 Bf8 40. R6e2
Rb7 41. Rb1 Rb5 42. Nfe5 Rc7 43. Ng6 Rd7 44. Nce5 Rxd4 45. Nxc6 Rc4 46. a4 Rg5
47. Nxf8 Kxf8 48. Nxa7 Rd5 49. Nb5 Rd3 50. Ra2 f3+ 51. Kh2 Re4 52. a5 Re2 53.
Rba1 bxa5 54. bxa5 Rd1 55. Kg3 Rb2 56. a6 Rg1+ 57. Kxf3 Rb3+ 58. Ke2 Rb2+ 59.
Rxb2 Rxa1 60. a7 1-0

[Event "España tch 1A 2012 Ascenso"]
[Site "Don Benito ESP"]
[Date "2012.08.05"]
[Round "8.23"]
[White "Rubio Mejia, Luis Ignacio"]
[Black "Cabrera Trujillo, Jorge Juan"]
[Result "1/2-1/2"]
[WhiteElo "2428"]
[BlackElo "2364"]
[PlyCount "143"]
[EventDate "2012.08.04"]
[EventType "team"]
[EventRounds "2"]
[EventCountry "ESP"]
[Source "lmi"]
[SourceDate "2012.08.04"]

1. d4 d5 2. c4 c6 3. Nc3 Nf6 4. Nf3 e6 5. Bg5 dxc4 6. e4 b5 7. e5 h6 8. Bh4 g5
9. exf6 gxh4 10. Ne5 Qxf6 11. Be2 Nd7 12. Nxc6 Bb7 13. Bf3 a6 14. O-O Rc8 15.
Ne5 Bxf3 16. Nxf3 Rg8 17. Qe2 Qg6 18. g3 Qd3 19. Qxd3 cxd3 20. Rfd1 hxg3 21.
hxg3 b4 22. Na4 Nf6 23. Rxd3 Nd5 24. Rd2 Bd6 25. Kf1 Ke7 26. b3 f5 27. Ne5 Bxe5
28. dxe5 f4 29. gxf4 Rgf8 30. Ke2 Nxf4+ 31. Ke3 Nd5+ 32. Ke4 Rf4+ 33. Kd3 Rf3+
34. Kd4 Rf4+ 35. Kd3 Rd8 36. Kc2 Rf5 37. Re2 Rdf8 38. Rf1 Rf3 39. Kd2 Rd8 40.
Ke1 Nc3 41. Nxc3 bxc3 42. Rc2 Rfd3 43. Ke2 Rd2+ 44. Rxd2 Rxd2+ 45. Ke3 Rxa2 46.
Rc1 c2 47. Kd2 Ra5 48. Rxc2 Rxe5 49. Rc7+ Kf6 50. b4 Rd5+ 51. Ke3 Re5+ 52. Kf3
Rb5 53. Rc6 Rxb4 54. Rxa6 Kf5 55. Ra8 Rb3+ 56. Kg2 e5 57. Rf8+ Kg5 58. Rg8+ Kf6
59. Rf8+ Kg6 60. Rg8+ Kf7 61. Rh8 Rb6 62. Kf3 Rf6+ 63. Kg3 Kg6 64. Kg2 Kf5 65.
Kf3 Kg5+ 66. Kg3 e4 67. Re8 Kf5 68. Rg8 Ke5 69. Re8+ Kf5 70. f3 exf3 71. Kxf3
Rb6 72. Kg2 1/2-1/2

[Event "España tch 1A 2012 Ascenso"]
[Site "Don Benito ESP"]
[Date "2012.08.05"]
[Round "8.24"]
[White "Meneses Gonzalez, Kevin Moises"]
[Black "Martinez Martin, David"]
[Result "0-1"]
[WhiteElo "2264"]
[BlackElo "2385"]
[PlyCount "42"]
[EventDate "2012.08.04"]
[EventType "team"]
[EventRounds "2"]
[EventCountry "ESP"]
[Source "lmi"]
[SourceDate "2012.08.04"]

1. e4 c6 2. d4 g6 3. Nc3 Bg7 4. f4 d5 5. e5 Nh6 6. Nf3 O-O 7. Be2 Bg4 8. O-O f6
9. Be3 Nd7 10. Qd2 Rc8 11. h3 Bxf3 12. Bxf3 e6 13. g4 fxe5 14. fxe5 Nf7 15. Ne2
Ndxe5 16. dxe5 Nxe5 17. Nf4 Nc4 18. Qe2 Qd6 19. Ng2 Qg3 20. Bg5 Bd4+ 21. Rf2
Bxf2+ 0-1